[Event "7MCRV_F"]
[Site "?"]
[Date "2007.??.??"]
[Round "?"]
[White "Schwarz, Jan"]
[Black "Kuchta, Jiri"]
[Result "1-0"]
[WhiteElo "2257"]
[BlackElo "2244"]
[PlyCount "93"]
[EventDate "2007.??.??"]
[EventType "corr"]
[SourceDate "2007.09.24"]

1. e4 e5 2. Nf3 Nc6 3. d4 exd4 4. Nxd4 Bc5 5. Be3 Qf6 6. c3 Nge7 7. Bc4 Ne5 8.
Be2 d6 9. f4 Nd7 10. O-O O-O 11. Nd2 a6 12. Nc4 Ng6 13. b4 Ba7 14. Bd3 Nb6 15.
Nxb6 Bxb6 16. a4 a5 17. b5 Bd7 18. Qd2 Qh4 19. Rf3 Rfe8 20. Raf1 Qd8 21. Rg3 c6
22. Qa2 d5 23. f5 Ne5 24. Bh6 g6 25. exd5 c5 26. d6 Bxf5 27. Nxf5 c4+ 28. Kh1
Nxd3 29. h3 Qd7 30. Ne7+ Rxe7 31. dxe7 Qxe7 32. Qxc4 Nf2+ 33. Kh2 Ne4 34. Re1
Re8 35. Rf3 Qc7+ 36. Qxc7 Bxc7+ 37. Bf4 Bxf4+ 38. Rxf4 f5 39. g4 Re5 40. gxf5
gxf5 41. Rd1 Nc5 42. Rc4 Kf7 43. Rd6 Kf8 44. Kg2 Kf7 45. Kf3 Kf8 46. Rd8+ Kf7
47. Kf4 1-0

[Event "7MCRV_F"]
[Site "?"]
[Date "2007.??.??"]
[Round "?"]
[White "Schwarz, Jan"]
[Black "Kuta, Jiri"]
[Result "1-0"]
[WhiteElo "2257"]
[BlackElo "2328"]
[PlyCount "118"]
[EventDate "2007.??.??"]
[EventType "corr"]
[SourceDate "2007.09.24"]

1. e4 e5 2. Nf3 Nc6 3. Bb5 a6 4. Ba4 Nf6 5. O-O Be7 6. Re1 b5 7. Bb3 O-O 8. a4
Bb7 9. d3 d6 10. Nc3 Na5 11. Ba2 b4 12. Ne2 c5 13. Ng3 Rb8 14. Nd2 Bc8 15. h3
Be6 16. Nc4 Nxc4 17. Bxc4 Bxc4 18. dxc4 Ne8 19. Qg4 Nf6 20. Qf3 g6 21. Bh6 Re8
22. Rad1 Kh8 23. b3 Qd7 24. Rd3 Ng8 25. Bc1 Qe6 26. Red1 Rbd8 27. Bb2 Bg5 28.
Rd5 Bf6 29. Qd3 Qc8 30. c3 bxc3 31. Bxc3 Be7 32. Qe3 Nf6 33. R5d3 Kg8 34. f4
Qb8 35. Bb2 Qc7 36. Rf1 Rf8 37. Bc3 Qb8 38. Ba5 Rc8 39. f5 Kh8 40. Bd2 Ng8 41.
Qf3 Qc7 42. Ne2 Rb8 43. Rb1 Rb7 44. Nc3 Nf6 45. Bg5 Qb8 46. Rf1 Qd8 47. Qd1 Ne8
48. f6 Nxf6 49. Bxf6+ Bxf6 50. Rxd6 Qa5 51. Qd5 Be7 52. Qxb7 Bxd6 53. Nd5 f5
54. exf5 gxf5 55. Qd7 Bb8 56. Qe7 Qd8 57. Rxf5 Qxe7 58. Nxe7 Rxf5 59. Nxf5 Bc7
1-0

[Event "7MCRV_F"]
[Site "?"]
[Date "2007.??.??"]
[Round "?"]
[White "Schwarz, Jan"]
[Black "Nejtek, Jiri"]
[Result "1/2-1/2"]
[WhiteElo "2257"]
[BlackElo "2375"]
[PlyCount "69"]
[EventDate "2007.??.??"]
[EventType "corr"]
[SourceDate "2007.09.24"]

1. e4 e5 2. Nf3 Nc6 3. Bb5 a6 4. Ba4 Nf6 5. O-O b5 6. Bb3 Bc5 7. a4 Rb8 8. axb5
axb5 9. c3 d6 10. d4 Bb6 11. Na3 O-O 12. Nxb5 Bg4 13. d5 Ne7 14. Bc2 Ng6 15. h3
Bd7 16. c4 Ra8 17. Rxa8 Qxa8 18. b4 Qa6 19. Bd3 Ra8 20. Nc3 Qc8 21. Ne1 Ra1 22.
Nb1 c6 23. dxc6 Bxc6 24. Qc2 Qa8 25. Nc3 Bd4 26. Nd5 Qa7 27. Bb2 Bxb2 28. Qxb2
Bxd5 29. cxd5 Nf4 30. Qc3 g6 31. Nc2 Ra2 32. Qc8+ Kg7 33. Qc4 Nxd3 34. Qxd3 Rb2
35. Ra1 1/2-1/2

[Event "7MCRV_F"]
[Site "?"]
[Date "2007.??.??"]
[Round "?"]
[White "Schwarz, Jan"]
[Black "Pecka, Josef"]
[Result "1/2-1/2"]
[WhiteElo "2257"]
[BlackElo "2292"]
[PlyCount "111"]
[EventDate "2007.??.??"]
[EventType "corr"]
[SourceDate "2007.09.24"]

1. e4 e5 2. Nf3 Nc6 3. Bb5 f5 4. Nc3 fxe4 5. Nxe4 Nf6 6. Qe2 Qe7 7. O-O d5 8.
Ng3 e4 9. Nd4 Qc5 10. c3 Bd6 11. d3 O-O 12. dxe4 Bxg3 13. hxg3 Nxd4 14. cxd4
Qxd4 15. exd5 Bg4 16. Qd3 Qxd3 17. Bxd3 Nxd5 18. f3 Bf5 19. Bc4 c6 20. Re1 Rfe8
21. Be3 Be6 22. Bd4 Kf7 23. g4 a5 24. Re4 a4 25. Kf2 Nc7 26. Bd3 Rad8 27. Bc2
a3 28. Rh1 h6 29. bxa3 Bxa2 30. Rf4+ Kg8 31. Bg6 Rf8 32. Rxf8+ Rxf8 33. Be5 Nd5
34. Re1 Rd8 35. a4 Ra8 36. Bd6 b6 37. Re8+ Rxe8 38. Bxe8 c5 39. Bc6 g6 40. Be8
Bb3 41. Ke1 Kg7 42. Be5+ Kf8 43. Bxg6 Bxa4 44. Bd6+ Kg8 45. Bd3 Kf7 46. Kd2 Bc6
47. Bc4 Kg6 48. Bb3 Kg5 49. g3 h5 50. gxh5 Kxh5 51. Bd1 Kg6 52. g4 Kg5 53. Bb3
Bb7 54. Ba4 c4 55. Bd7 Ba8 56. Ke1 1/2-1/2

[Event "7MCRV_F"]
[Site "?"]
[Date "2007.??.??"]
[Round "?"]
[White "Schwarz, Jan"]
[Black "Priesol, Daniel"]
[Result "1-0"]
[WhiteElo "2257"]
[BlackElo "2288"]
[PlyCount "75"]
[EventDate "2007.??.??"]
[EventType "corr"]
[SourceDate "2007.09.24"]

1. c4 Nf6 2. Nf3 e6 3. g3 d5 4. d4 dxc4 5. Bg2 Nc6 6. Qa4 Bb4+ 7. Bd2 Nd5 8.
Bxb4 Ndxb4 9. Nc3 Bd7 10. O-O a5 11. Qd1 O-O 12. e3 Rb8 13. Nd2 Ne7 14. Nxc4 b6
15. a3 Nbd5 16. Rc1 Nxc3 17. Rxc3 a4 18. Ne5 Bb5 19. Re1 Qd6 20. b4 c6 21. Nc4
Qd7 22. Qh5 f6 23. Rec1 Rfd8 24. Be4 g6 25. Qh4 Kg7 26. g4 h6 27. Qg3 g5 28. h4
Nd5 29. R3c2 Ne7 30. Qh2 e5 31. f3 gxh4 32. dxe5 Qe6 33. exf6+ Qxf6 34. Ne5
Rbc8 35. f4 Rd6 36. Rg2 Rcd8 37. Bf3 Rg8 38. Kh1 1-0

[Event "7MCRV_F"]
[Site "?"]
[Date "2007.??.??"]
[Round "?"]
[White "Schwarz, Jan"]
[Black "Valak, Alois"]
[Result "1/2-1/2"]
[WhiteElo "2257"]
[BlackElo "2361"]
[PlyCount "88"]
[EventDate "2007.??.??"]
[EventType "corr"]
[SourceDate "2007.09.24"]

1. d4 Nf6 2. c4 e6 3. g3 c5 4. d5 exd5 5. cxd5 d6 6. Bg2 g6 7. Nf3 Bg7 8. Nc3
O-O 9. O-O Nbd7 10. Bf4 Qe7 11. h3 Nh5 12. Bg5 f6 13. Bd2 f5 14. Qb3 Ne5 15.
Rac1 Bd7 16. a4 b6 17. Nb5 Rfc8 18. Na3 Nf7 19. Nc4 Rab8 20. Qa2 Bxa4 21. Qxa4
b5 22. Qa2 bxc4 23. Bc3 Bxc3 24. bxc3 Rb3 25. Nd2 Rcb8 26. Nxb3 cxb3 27. Qa4
Ne5 28. Rb1 c4 29. Bf3 Nf6 30. Bg2 Qd7 31. Qa6 Rb6 32. Qa3 Qc7 33. Ra1 b2 34.
Rab1 Rb3 35. Qa2 Qb6 36. Rfd1 Ned7 37. Rd4 Qb5 38. Rd2 a5 39. Rdxb2 Nc5 40. e3
Nfe4 41. Bf1 Nxc3 42. Bxc4 Qxc4 43. Qxa5 Nxb1 44. Qd8+ Kf7 1/2-1/2

[Event "7MCRV_F"]
[Site "?"]
[Date "2007.??.??"]
[Round "?"]
[White "Strnad, Jiri"]
[Black "Batka, Josef"]
[Result "1-0"]
[WhiteElo "2258"]
[BlackElo "2285"]
[PlyCount "127"]
[EventDate "2007.??.??"]
[EventType "corr"]
[SourceDate "2007.09.24"]

1. e4 c5 2. Nf3 Nc6 3. d4 cxd4 4. Nxd4 Nf6 5. Nc3 e5 6. Ndb5 d6 7. Bg5 a6 8.
Na3 b5 9. Bxf6 gxf6 10. Nd5 f5 11. c3 Bg7 12. exf5 Bxf5 13. Nc2 Be6 14. g3 O-O
15. Bg2 a5 16. O-O f5 17. Nf4 exf4 18. Bxc6 fxg3 19. hxg3 f4 20. Bxa8 Qxa8 21.
g4 Bxg4 22. f3 Bh3 23. Rf2 Rf6 24. Nd4 Rg6+ 25. Kh1 b4 26. Qb3+ Kh8 27. Qc4
bxc3 28. bxc3 Qe8 29. Rh2 Rg3 30. Qd3 Be5 31. Rg1 Qc8 32. a4 Kg7 33. Ne2 Rxg1+
34. Kxg1 Bf5 35. Qb5 Qc5+ 36. Nd4 Bxd4+ 37. cxd4 Qxd4+ 38. Rf2 Qc5 39. Qb2+ Kf7
40. Qd2 Qe5 41. Re2 Qc5+ 42. Kh2 Qc4 43. Rg2 Qxa4 44. Qxd6 Qb5 45. Qd4 Be6 46.
Qg7+ Ke8 47. Qh8+ Ke7 48. Qxh7+ Ke8 49. Qh8+ Ke7 50. Qh4+ Ke8 51. Qxf4 Qh5+ 52.
Kg1 Qc5+ 53. Kh1 Qb5 54. Rg5 Qf1+ 55. Kh2 Qe2+ 56. Rg2 Qb5 57. Kg3 Qc5 58. Re2
Kd7 59. Rd2+ Ke7 60. Rd1 Qh5 61. Qc7+ Kf6 62. Rd4 Qg5+ 63. Kf2 Qb5 64. Rh4 1-0

[Event "7MCRV_F"]
[Site "?"]
[Date "2007.??.??"]
[Round "?"]
[White "Strnad, Jiri"]
[Black "Brousek, Jiri"]
[Result "1/2-1/2"]
[WhiteElo "2258"]
[BlackElo "2308"]
[PlyCount "105"]
[EventDate "2007.??.??"]
[EventType "corr"]
[SourceDate "2007.09.24"]

1. e4 e6 2. d4 d5 3. Nd2 Nf6 4. e5 Nfd7 5. Bd3 c5 6. c3 Nc6 7. Ne2 cxd4 8. cxd4
f6 9. exf6 Nxf6 10. O-O Bd6 11. Nf3 O-O 12. Bf4 Bxf4 13. Nxf4 Ne4 14. Ne2 Ng5
15. Ne5 Nxe5 16. dxe5 Qb6 17. Qb3 Qxb3 18. axb3 Bd7 19. f4 Nf7 20. Rfc1 Nd8 21.
Rc7 Rf7 22. Kf2 g5 23. g3 Nc6 24. Ke3 Be8 25. Rxf7 Bxf7 26. Nd4 gxf4+ 27. gxf4
Nxd4 28. Kxd4 Bg6 29. f5 exf5 30. e6 Rc8 31. Rxa7 f4 32. Be2 Kg7 33. Ke5 Rc1
34. Rxb7+ Kh6 35. Kxf4 Re1 36. Bg4 d4 37. h3 Re4+ 38. Kg3 Kg5 39. h4+ Kf6 40.
h5 Be8 41. Rxh7 d3 42. Ra7 d2 43. Ra1 Re3+ 44. Kh4 Rxb3 45. Rf1+ Kg7 46. Kg5
Rb5+ 47. Rf5 Rxf5+ 48. Kxf5 Ba4 49. h6+ Kxh6 50. e7 Kg7 51. Ke6 Kg6 52. Bd1 Be8
53. b4 1/2-1/2

[Event "7MCRV_F"]
[Site "?"]
[Date "2007.??.??"]
[Round "?"]
[White "Strnad, Jiri"]
[Black "Jirku, Jaroslav"]
[Result "1/2-1/2"]
[WhiteElo "2258"]
[BlackElo "2299"]
[PlyCount "89"]
[EventDate "2007.??.??"]
[EventType "corr"]
[SourceDate "2007.09.24"]

1. e4 e5 2. Nf3 Nf6 3. Nxe5 d6 4. Nf3 Nxe4 5. d4 d5 6. Bd3 Bd6 7. O-O O-O 8. c4
c6 9. Re1 Bg4 10. h3 Bxf3 11. Qxf3 f5 12. Nc3 Qa5 13. a3 Nd7 14. Be3 f4 15. Bc1
Nxc3 16. bxc3 Nf6 17. Re6 Bc7 18. cxd5 Qxd5 19. Qxd5 cxd5 20. Rb1 Rae8 21. Rxe8
Rxe8 22. Bd2 b6 23. c4 Rd8 24. cxd5 Nxd5 25. Kf1 h6 26. Ke2 Kf8 27. a4 Nf6 28.
Rc1 f3+ 29. gxf3 Nd5 30. Bf5 g5 31. Rc6 Bd6 32. Be4 Nf4+ 33. Bxf4 Bxf4 34. Rxh6
Rxd4 35. Rh8+ Ke7 36. Rh7+ Kd6 37. Rxa7 Rd2+ 38. Ke1 Rd4 39. Rf7 Rxa4 40. Rf6+
Ke7 41. Rxb6 Ra1+ 42. Ke2 Rh1 43. Bf5 Kf7 44. Ra6 Kg7 45. Rb6 1/2-1/2

[Event "7MCRV_F"]
[Site "?"]
[Date "2007.??.??"]
[Round "?"]
[White "Strnad, Jiri"]
[Black "Kostal, Jindrich"]
[Result "1/2-1/2"]
[WhiteElo "2258"]
[BlackElo "2338"]
[PlyCount "93"]
[EventDate "2007.??.??"]
[EventType "corr"]
[SourceDate "2007.09.24"]

1. e4 e5 2. Nf3 Nc6 3. Bb5 a6 4. Ba4 Nf6 5. O-O Be7 6. Re1 b5 7. Bb3 O-O 8. c3
d6 9. h3 Nb8 10. d4 Nbd7 11. Nbd2 Bb7 12. Bc2 Re8 13. Nf1 Bf8 14. Ng3 g6 15.
Bg5 h6 16. Be3 exd4 17. cxd4 Nxe4 18. Bxe4 Bxe4 19. Bg5 hxg5 20. Nxe4 d5 21.
Nexg5 Qf6 22. Qb3 Nb6 23. h4 Nc4 24. Qc2 c5 25. b3 cxd4 26. Rxe8 Rxe8 27. Rd1
Ne5 28. Nxd4 b4 29. g3 Ng4 30. Ngf3 Ne5 31. Nxe5 Rxe5 32. Kg2 Re8 33. Qc7 Rd8
34. Nc6 Re8 35. Rd2 Qe6 36. Nd4 Qf6 37. Nf3 Rd8 38. Ng5 Qe7 39. Qa5 Qd6 40. Ne4
Qe7 41. f3 d4 42. Qxa6 Bg7 43. Qc4 Re8 44. Re2 Qf8 45. Nf2 Rc8 46. Qb5 Rb8 47.
Qa5 1/2-1/2

[Event "7MCRV_F"]
[Site "?"]
[Date "2007.??.??"]
[Round "?"]
[White "Strnad, Jiri"]
[Black "Novak, Vratislav"]
[Result "1/2-1/2"]
[WhiteElo "2258"]
[BlackElo "2288"]
[PlyCount "46"]
[EventDate "2007.??.??"]
[EventType "corr"]
[SourceDate "2007.09.24"]

1. e4 c5 2. Nf3 d6 3. d4 cxd4 4. Nxd4 Nf6 5. Nc3 a6 6. Be3 e5 7. Nb3 Be6 8. f3
Be7 9. Qd2 O-O 10. O-O-O Nbd7 11. g4 b5 12. g5 b4 13. gxf6 bxc3 14. Qxc3 Nxf6
15. Na5 Qd7 16. Qc6 Rfc8 17. Qxd7 Nxd7 18. Rg1 g6 19. b3 Rc3 20. Kd2 Rcc8 21.
c3 Nf6 22. Nc4 Rc6 23. Kc2 Rac8 1/2-1/2

[Event "7MCRV_F"]
[Site "?"]
[Date "2007.??.??"]
[Round "?"]
[White "Strnad, Jiri"]
[Black "Pytlik, Lesek"]
[Result "1/2-1/2"]
[WhiteElo "2258"]
[BlackElo "2383"]
[PlyCount "69"]
[EventDate "2007.??.??"]
[EventType "corr"]
[SourceDate "2007.09.24"]

1. e4 d6 2. d4 Nf6 3. Nc3 g6 4. Nf3 Bg7 5. Be2 O-O 6. O-O c5 7. d5 Na6 8. Re1
Nc7 9. a4 b6 10. Bf4 Bb7 11. Qd2 Qd7 12. Ra3 Rfd8 13. Bh6 e6 14. Bb5 Nxb5 15.
Bxg7 Kxg7 16. dxe6 Qxe6 17. axb5 h6 18. Ra4 a6 19. bxa6 Bxa6 20. Nd5 Bb7 21.
Nxb6 Rab8 22. Qc3 Kg8 23. Qa5 Bc6 24. Ra3 Bxe4 25. Nd2 d5 26. Na4 Qc8 27. c4
Bf5 28. cxd5 Nxd5 29. Nxc5 Rxb2 30. Nce4 Rb6 31. h3 Re6 32. Rd3 Nb6 33. Rxd8+
Qxd8 34. g4 Bxe4 35. Rxe4 1/2-1/2

[Event "7MCRV_F"]
[Site "?"]
[Date "2007.??.??"]
[Round "?"]
[White "Strnad, Jiri"]
[Black "Schwarz, Jan"]
[Result "1/2-1/2"]
[WhiteElo "2258"]
[BlackElo "2257"]
[PlyCount "54"]
[EventDate "2007.??.??"]
[EventType "corr"]
[SourceDate "2007.09.24"]

1. e4 c5 2. Nf3 Nc6 3. Nc3 g6 4. d4 cxd4 5. Nxd4 Bg7 6. Be3 Nf6 7. Bc4 Qa5 8.
O-O O-O 9. Bb3 d6 10. h3 Bd7 11. Re1 Rad8 12. Qd2 Nxd4 13. Qxd4 b6 14. Qd3 Bc6
15. Nd5 Nxd5 16. exd5 Bb5 17. c4 Bd7 18. Bd4 Rfe8 19. Bxg7 Kxg7 20. Re3 e6 21.
dxe6 Rxe6 22. c5 Rf6 23. cxb6 Qxb6 24. Rd1 Be6 25. Qd2 d5 26. Rd3 d4 27. Bxe6
Rxe6 1/2-1/2

[Event "7MCRV_F"]
[Site "?"]
[Date "2007.??.??"]
[Round "?"]
[White "Strnad, Jiri"]
[Black "Sykora, Josef"]
[Result "1/2-1/2"]
[WhiteElo "2258"]
[BlackElo "2366"]
[PlyCount "96"]
[EventDate "2007.??.??"]
[EventType "corr"]
[SourceDate "2007.09.24"]

1. e4 c5 2. Nf3 d6 3. d4 cxd4 4. Nxd4 Nf6 5. Nc3 a6 6. Bg5 e6 7. f4 Nbd7 8. Qf3
Qc7 9. O-O-O b5 10. Bd3 Bb7 11. Rhe1 Be7 12. Qg3 b4 13. Nd5 exd5 14. exd5 Kd8
15. Nc6+ Bxc6 16. dxc6 Nc5 17. Bh4 Rg8 18. Bxh7 Rh8 19. Qxg7 Rxh7 20. Qxf6 Rxh4
21. Qxf7 Rh8 22. Re5 Na4 23. Re3 Ra7 24. Rde1 Qxc6 25. Rxe7 Rxe7 26. Qxe7+ Kc8
27. h4 Qd5 28. Qe2 Nc5 29. Qg4+ Kd8 30. f5 Rf8 31. Qxb4 Qxf5 32. g4 Qf4+ 33.
Qxf4 Rxf4 34. Rg1 Ke7 35. h5 Kf7 36. Kd2 Rf2+ 37. Kc3 Ne4+ 38. Kd3 Nf6 39. h6
Kg6 40. g5 Nh7 41. Rg4 Rf3+ 42. Ke2 Rf8 43. Rb4 Nxg5 44. Rb6 Nf7 45. Rxa6 Kxh6
46. Kd3 Kg5 47. Kd4 Rh8 48. c4 Kf5 1/2-1/2

[Event "7MCRV_F"]
[Site "?"]
[Date "2007.??.??"]
[Round "?"]
[White "Sykora, Josef"]
[Black "Cipka, Ivan"]
[Result "1/2-1/2"]
[WhiteElo "2336"]
[BlackElo "2300"]
[PlyCount "100"]
[EventDate "2007.??.??"]
[EventType "corr"]
[SourceDate "2007.09.24"]

1. c4 e5 2. Nc3 Nc6 3. g3 Nf6 4. Nf3 d5 5. cxd5 Nxd5 6. Bg2 Nb6 7. O-O Be7 8.
a3 O-O 9. b4 Be6 10. Rb1 a6 11. d3 Qc8 12. Bb2 Rd8 13. Qc1 Bh3 14. Ne4 Bxg2 15.
Kxg2 Qe6 16. Ba1 Nd5 17. Qb2 f6 18. Qb3 Kh8 19. Rfc1 Qg4 20. e3 Qg6 21. Nc5
Bxc5 22. bxc5 Rab8 23. Qc4 Na5 24. Qa4 Nc6 25. Rd1 Nce7 26. Nh4 Qh5 27. Qe4 Nc6
28. Nf3 Qf7 29. Qc4 Qg6 30. h3 h6 31. Rd2 Na5 32. Qa4 Nc6 33. Qc2 Rd7 34. Qc4
Kh7 35. Nh4 Qf7 36. Qc2 Kg8 37. Rdd1 Qe6 38. Qa4 Nde7 39. Nf3 Na7 40. Qb3 Qxb3
41. Rxb3 Nac6 42. d4 e4 43. Nd2 Na5 44. Rb2 f5 45. Rc2 b5 46. cxb6 cxb6 47.
Rdc1 Nd5 48. Bc3 Nb7 49. Bb2 Nd6 50. Nc4 Nxc4 1/2-1/2

[Event "7MCRV_F"]
[Site "?"]
[Date "2007.??.??"]
[Round "?"]
[White "Sykora, Josef"]
[Black "Jandovsky, Viktor"]
[Result "0-1"]
[WhiteElo "2366"]
[BlackElo "2275"]
[PlyCount "48"]
[EventDate "2007.??.??"]
[EventType "corr"]
[SourceDate "2007.09.24"]

1. c4 Nf6 2. Nf3 g6 3. g3 Bg7 4. Bg2 O-O 5. d4 c6 6. O-O d5 7. cxd5 cxd5 8. Nc3
Nc6 9. Ne5 Bf5 10. Nxc6 bxc6 11. Na4 Re8 12. b3 Nd7 13. Bb2 Rc8 14. Qd2 e5 15.
e3 h5 16. h4 g5 17. hxg5 e4 18. Ba3 Re6 19. Rfc1 Qxg5 20. Nc3 Bg4 21. Ne2 h4
22. Nf4 Rh6 23. Qa5 Nf6 24. Qa6 hxg3 0-1

[Event "7MCRV_F"]
[Site "?"]
[Date "2007.??.??"]
[Round "?"]
[White "Sykora, Josef"]
[Black "Kuta, Jiri"]
[Result "1/2-1/2"]
[WhiteElo "2366"]
[BlackElo "2328"]
[PlyCount "62"]
[EventDate "2007.??.??"]
[EventType "corr"]
[SourceDate "2007.09.24"]

1. c4 e5 2. Nc3 Nf6 3. Nf3 Nc6 4. g3 Bb4 5. Bg2 O-O 6. O-O e4 7. Ng5 Bxc3 8.
bxc3 Re8 9. Qc2 Qe7 10. d3 exd3 11. exd3 d6 12. Nf3 Qe2 13. Qxe2 Rxe2 14. Re1
Rxe1+ 15. Nxe1 Bd7 16. h3 Re8 17. Be3 b6 18. Nf3 Bf5 19. Rd1 Ne5 20. Nxe5 Rxe5
21. g4 Be6 22. c5 Bd5 23. cxd6 cxd6 24. Bf4 Bxg2 25. Kxg2 Rc5 26. c4 d5 27. Bd6
Rc6 28. Bb8 h5 29. gxh5 a6 30. Be5 Nxh5 31. cxd5 Rc5 1/2-1/2

[Event "7MCRV_F"]
[Site "?"]
[Date "2007.??.??"]
[Round "?"]
[White "Sykora, Josef"]
[Black "Pecka, Josef"]
[Result "1/2-1/2"]
[WhiteElo "2366"]
[BlackElo "2292"]
[PlyCount "64"]
[EventDate "2007.??.??"]
[EventType "corr"]
[SourceDate "2007.09.24"]

1. c4 c5 2. Nf3 Nf6 3. g3 b6 4. Bg2 Bb7 5. O-O g6 6. Nc3 Bg7 7. d4 cxd4 8. Qxd4
d6 9. Be3 Nbd7 10. Rac1 Rc8 11. b3 O-O 12. Qd2 Nc5 13. Bh6 Nfe4 14. Nxe4 Nxe4
15. Qe3 Bxh6 16. Qxh6 Rc5 17. Rfd1 Qc7 18. Qe3 Rc8 19. Nd4 Nf6 20. Nb5 Qd7 21.
Nxa7 Ra8 22. Bxb7 Qxb7 23. Nb5 Rxa2 24. Ra1 Rxa1 25. Rxa1 Re5 26. Qd3 Qc8 27.
Kg2 d5 28. Ra7 Kg7 29. f3 Qe6 30. Nd4 Qd6 31. Rb7 h6 32. Qc3 Rh5 1/2-1/2

[Event "7MCRV_F"]
[Site "?"]
[Date "2007.??.??"]
[Round "?"]
[White "Sykora, Josef"]
[Black "Priesol, Daniel"]
[Result "1-0"]
[WhiteElo "2366"]
[BlackElo "2288"]
[PlyCount "123"]
[EventDate "2007.??.??"]
[EventType "corr"]
[SourceDate "2007.09.24"]

1. c4 Nf6 2. Nf3 e6 3. d4 d5 4. Nc3 Bb4 5. Bg5 Nbd7 6. cxd5 exd5 7. Qc2 O-O 8.
e3 c5 9. Bd3 h6 10. Bh4 c4 11. Be2 Qa5 12. Nd2 b5 13. O-O Bb7 14. a4 bxa4 15.
e4 Qb6 16. e5 Nh7 17. Nf3 Rfe8 18. Nxa4 Qe6 19. Nc3 a5 20. h3 Nhf8 21. Bg3 Ng6
22. Rfc1 Qb6 23. Na4 Qe6 24. b3 cxb3 25. Qxb3 Ba6 26. Bxa6 Rxa6 27. Nb2 Rb8 28.
Rc7 Be7 29. Qc2 Rbb6 30. Nd3 Rc6 31. Rxc6 Rxc6 32. Qb3 Bd8 33. h4 h5 34. Bf4
Rb6 35. Qa2 Bxh4 36. Qxa5 Bd8 37. Qa2 Rb5 38. Qa7 Rb3 39. Nfe1 Bb6 40. Qa4 Rc3
41. Be3 Rc8 42. Nf3 Bd8 43. Qa6 Ndf8 44. Qb5 Be7 45. Ra7 Rc3 46. Kh2 Rc6 47.
Bg5 Rb6 48. Qa5 f6 49. Bd2 Rb8 50. Bb4 fxe5 51. dxe5 Bd8 52. Qa2 d4 53. Bd6
Qxa2 54. Rxa2 Rc8 55. Nxd4 Rc3 56. Ne1 Rc4 57. Nef3 Bb6 58. Nf5 Ne6 59. g3 Kf7
60. Rb2 Rc6 61. Kg2 Ke8 62. Nd2 1-0

[Event "7MCRV_F"]
[Site "?"]
[Date "2007.??.??"]
[Round "?"]
[White "Sykora, Josef"]
[Black "Pytlik, Lesek"]
[Result "1/2-1/2"]
[WhiteElo "2366"]
[BlackElo "2383"]
[PlyCount "97"]
[EventDate "2007.??.??"]
[EventType "corr"]
[SourceDate "2007.09.24"]

1. c4 Nf6 2. Nf3 c5 3. g3 b6 4. Bg2 Bb7 5. O-O e6 6. Nc3 Be7 7. d4 cxd4 8. Nxd4
Bxg2 9. Kxg2 Qc8 10. Qd3 Nc6 11. b3 Ne5 12. Qd2 Qb7+ 13. f3 a6 14. Bb2 O-O 15.
Rad1 Rfd8 16. e4 h6 17. Qe2 d6 18. a4 Ned7 19. h4 Rac8 20. g4 Nh7 21. Kh3 Bf6
22. f4 Qc7 23. Qc2 Nc5 24. Nde2 Qb7 25. Ng3 Nf8 26. Nh5 Bxc3 27. Bxc3 f6 28.
Bxf6 gxf6 29. Nxf6+ Kh8 30. f5 exf5 31. exf5 b5 32. axb5 axb5 33. Qd2 bxc4 34.
Qxh6+ Nh7 35. Nxh7 Qxh7 36. Qf6+ Qg7 37. Qxg7+ Kxg7 38. bxc4 Re8 39. Rf3 Rcd8
40. f6+ Kf8 41. Rd5 Re4 42. Rh5 Ne6 43. Rh6 Kg8 44. Kg3 Rc8 45. g5 Nf8 46. Rd3
Rcxc4 47. Rxd6 Ne6 48. Kf3 Ra4 49. Rd7 1/2-1/2

[Event "7MCRV_F"]
[Site "?"]
[Date "2007.??.??"]
[Round "?"]
[White "Sykora, Josef"]
[Black "Schwarz, Jan"]
[Result "1/2-1/2"]
[WhiteElo "2366"]
[BlackElo "2257"]
[PlyCount "83"]
[EventDate "2007.??.??"]
[EventType "corr"]
[SourceDate "2007.09.24"]

1. c4 Nf6 2. Nf3 g6 3. g3 Bg7 4. Bg2 O-O 5. d4 d6 6. O-O Nbd7 7. Nc3 e5 8. h3
exd4 9. Nxd4 Nb6 10. b3 c5 11. Nc2 Be6 12. e4 Qd7 13. Kh2 Ng4+ 14. hxg4 Bxc3
15. Bh6 Bxa1 16. Qxa1 f6 17. Bxf8 Rxf8 18. f3 Nc8 19. Qc1 a6 20. Rd1 Qe7 21.
Ne3 Na7 22. Qd2 Rd8 23. g5 Nc6 24. gxf6 Qxf6 25. f4 b5 26. f5 gxf5 27. exf5
Qh6+ 28. Kg1 Bd7 29. f6 Nd4 30. Nc2 Qxd2 31. Rxd2 Nxc2 32. Bd5+ Kf8 33. Rxc2
Be8 34. Rh2 h5 35. cxb5 axb5 36. g4 Bf7 37. Bc6 b4 38. gxh5 d5 39. h6 Kg8 40.
Rg2+ Kh8 41. Rg7 Rf8 42. h7 1/2-1/2

[Event "7MCRV_F"]
[Site "?"]
[Date "2007.??.??"]
[Round "?"]
[White "Sykora, Josef"]
[Black "Valak, Alois"]
[Result "0-1"]
[WhiteElo "2366"]
[BlackElo "2361"]
[PlyCount "72"]
[EventDate "2007.??.??"]
[EventType "corr"]
[SourceDate "2007.09.24"]

1. c4 Nf6 2. Nf3 e6 3. d4 b6 4. g3 Ba6 5. b3 Bb4+ 6. Bd2 Be7 7. Bg2 O-O 8. O-O
d5 9. cxd5 exd5 10. Ne5 Bb7 11. Nc3 Na6 12. Rc1 c5 13. Be3 Re8 14. Nd3 Qd7 15.
Na4 cxd4 16. Bxd4 Ba3 17. Rb1 Ne4 18. e3 Nc7 19. b4 Nb5 20. Ba1 Rac8 21. Ne5
Qd6 22. Qh5 Re7 23. Rfd1 f5 24. f4 Rc2 25. Bxe4 fxe4 26. Ng4 Qg6 27. Qh4 Re6
28. Rb3 d4 29. Bxd4 Rd6 30. Qe7 Bc6 31. h3 Nxd4 32. Rxd4 Rxd4 33. exd4 h5 34.
Qd8+ Kh7 35. d5 hxg4 36. dxc6 Qxc6 0-1

[Event "7MCRV_F"]
[Site "?"]
[Date "2007.??.??"]
[Round "?"]
[White "Valak, Alois"]
[Black "Batka, Josef"]
[Result "1-0"]
[WhiteElo "2361"]
[BlackElo "2285"]
[PlyCount "81"]
[EventDate "2007.??.??"]
[EventType "corr"]
[SourceDate "2007.09.24"]

1. c4 Nf6 2. d4 e6 3. g3 d5 4. Bg2 dxc4 5. Qa4+ Bd7 6. Qxc4 Bc6 7. Nf3 Bd5 8.
Qd3 Be4 9. Qd1 c5 10. Nc3 Bc6 11. O-O Nbd7 12. Be3 Be7 13. dxc5 Bxc5 14. Bxc5
Nxc5 15. Ne5 Bxg2 16. Kxg2 O-O 17. Qxd8 Rfxd8 18. Rac1 Nd5 19. Nb5 Nd7 20. Nd3
N7f6 21. Rc4 a6 22. Nc7 b5 23. Rc6 Nxc7 24. Rxc7 Nd5 25. Rb7 Rdc8 26. Rc1 Rxc1
27. Nxc1 h5 28. Nd3 Rc8 29. h4 Rc7 30. Rb8+ Kh7 31. Ra8 Rc6 32. Ra7 f5 33. a3
Rd6 34. Ne5 Rb6 35. Ra8 Nc7 36. Rd8 Nd5 37. Kf3 Nf6 38. Kf4 b4 39. a4 b3 40. f3
Rb4+ 41. Kg5 1-0

[Event "7MCRV_F"]
[Site "?"]
[Date "2007.??.??"]
[Round "?"]
[White "Valak, Alois"]
[Black "Brousek, Jiri"]
[Result "1/2-1/2"]
[WhiteElo "2361"]
[BlackElo "2308"]
[PlyCount "76"]
[EventDate "2007.??.??"]
[EventType "corr"]
[SourceDate "2007.09.24"]

1. c4 e6 2. d4 Nf6 3. Nf3 b6 4. g3 Ba6 5. b3 Bb4+ 6. Bd2 Be7 7. Bg2 d5 8. cxd5
exd5 9. Nc3 O-O 10. O-O Nbd7 11. Nh4 Re8 12. Nf5 Bb4 13. Re1 Nf8 14. Rc1 Qd7
15. Bh3 Kh8 16. Bg5 Ne4 17. Nxe4 dxe4 18. Bd2 Ba3 19. Rb1 Bb7 20. b4 a5 21.
bxa5 e3 22. fxe3 Qd5 23. Kf2 Ne6 24. Nh4 Ng5 25. Bg2 Ne4+ 26. Bxe4 Qxe4 27. Nf3
bxa5 28. Rb3 Bb4 29. a3 Bxd2 30. Qxd2 Bd5 31. Rb2 f6 32. Rc1 c6 33. Rb6 Qf5 34.
Qd3 Qe6 35. Rc3 Rab8 36. Qb1 Rxb6 37. Qxb6 Bxf3 38. exf3 Qa2+ 1/2-1/2

[Event "7MCRV_F"]
[Site "?"]
[Date "2007.??.??"]
[Round "?"]
[White "Valak, Alois"]
[Black "Jirku, Jaroslav"]
[Result "1/2-1/2"]
[WhiteElo "2361"]
[BlackElo "2299"]
[PlyCount "90"]
[EventDate "2007.??.??"]
[EventType "corr"]
[SourceDate "2007.09.24"]

1. c4 c5 2. Nf3 Nf6 3. Nc3 d5 4. cxd5 Nxd5 5. d4 Nxc3 6. bxc3 g6 7. e3 Bg7 8.
Bd3 O-O 9. O-O Qc7 10. Ng5 Nd7 11. f4 Nf6 12. Qb3 h6 13. Nf3 Bf5 14. Bxf5 gxf5
15. Ba3 b6 16. Rfd1 Rab8 17. Rac1 Ne4 18. Nd2 Qc6 19. d5 Qg6 20. Nxe4 fxe4 21.
Rb1 e5 22. fxe5 Bxe5 23. c4 Bd6 24. g3 f5 25. Kh1 Rf7 26. Rg1 Kh7 27. Bb2 Rg8
28. Rg2 Qg4 29. Qc2 Qf3 30. Qf2 Qg4 31. Bc3 Qh3 32. Rbg1 Qg4 33. Ra1 Rg6 34.
Rf1 Qh5 35. Kg1 Qg4 36. Qb2 Qg5 37. Qe2 Rf8 38. Kh1 h5 39. Rgf2 Bb8 40. Bb2 Bd6
41. Ba1 Rgg8 42. Bc3 Rf7 43. a3 Rb8 44. a4 Rbf8 45. Rg2 Rg8 1/2-1/2